000 00550nam a2200217Ia 4500
005 20250326144200.0
008 250326s9999 xx 000 0 und d
020 _a0-07-297767-1
037 _aTextbook
040 _aFMSL
_beng
_cFMSL
041 _aeng
_2eng
084 _aX:89A P6
_qFMSL
100 _aFinch B J
_9749116
245 0 _aOperations now
_cFinch B J
250 _a2
260 _aNY
_bNY, McGraw-Hill
_c2006
300 _a650p
365 _b4931.5330000000004
942 _cTB
_hX:89A P6
999 _c1302696
_d1302696